00860pam a2200229 a 4500020001500000040000800015082002600023245005800049260003100107300003400138500004000172650001500212650001500227650001600242700002300258856005800281856006500339856005500404942000700459999001700466952014700483 a0471502324 cDLC00a628 WIL 1992 A051 Or.00aFate of pesticides and chemicals in the environment / aNew York :bWiley,cc1992. axxi, 436 p. :bill. ;c25 cm. a"A Wiley-Interscience publication." 0aPesticides 0aPollution. 0aPollutants.1 aSchnoor, Jerald L.42uhttp://www.loc.gov/catdir/bios/wiley041/91011548.html42uhttp://www.loc.gov/catdir/description/wiley033/91011548.html4 uhttp://www.loc.gov/catdir/toc/onix04/91011548.html cEK c14464d14464 0010406628_000000000000000_WIL_1992_A051_OR70966701aLBAbLBAcA051d2017-10-17o628 WIL 1992 A051 Or.pA06355r2017-10-17w2017-10-17yEK